El tratamiento legal y jurisprudencial de las técnicas de reprodución humana asistida en Argentina (Registro nro. 25288)
[ vista simple ]
| 000 -LEADER | |
|---|---|
| fixed length control field | 00395 a2200109 4500 |
| 001 - CONTROL NUMBER | |
| control field | ART_10748 |
| 005 - DATE AND TIME OF LATEST TRANSACTION | |
| control field | 20260410161854.0 |
| 008 - FIXED-LENGTH DATA ELEMENTS--GENERAL INFORMATION | |
| fixed length control field | 260409a |
| 100 1# - MAIN ENTRY--PERSONAL NAME | |
| Personal name | Aizenberg, Marisa S. |
| 245 10 - TITLE STATEMENT | |
| Title | El tratamiento legal y jurisprudencial de las técnicas de reprodución humana asistida en Argentina |
| 773 0# - HOST ITEM ENTRY | |
| Title | Derecho privado |
| Related parts | Bioderecho - Año I, Nº 1 (mayo 2012) |
| Record control number | REV10455 |
No hay ítems disponibles.